| 000 | 00898cab a2200205 4500 | ||
|---|---|---|---|
| 001 | L130419 | ||
| 008 | 050726n2005 000 0 eng u | ||
| 035 | _a(Sirsi) u130419 | ||
| 041 | _aeng | ||
| 100 | _aHull, Malcolm | ||
| 245 | _aLandlords go back to the future | ||
| 260 | _c2005 | ||
| 490 |
_aEstates Gazette _v(0528) 16 July 2005, 118(1) |
||
| 520 | _aExamines the rent review issue of commercial lease length. Long leases are often written assuming long terms at review, which results in the tenants paying a discounted rent. Protection for landlords can take the form of ensuring that leases are worded so that subsequent terms yield open market rent. | ||
| 590 | _aIKA020805 | ||
| 650 | _aTHE RITZ HOTEL (LONDON) LTD V RITZ CASINO LTD | ||
| 650 | _aCANARY WHARF INVESTMENTS V TELEGRAPH GROUP LTD | ||
| 690 | _aPROPERTY-LEASEHOLD PROPERTY-LANDLORD AND TENANT-LEASES | ||
| 942 | _n0 | ||
| 999 |
_c75611 _d75611 |
||